[Event "SVK-chT3A2 0910"]
[Site "Slovakia"]
[Date "2009.10.24"]
[Round "2.8"]
[White "Gasa, Patrik"]
[Black "Olos, Stanislav"]
[Result "1-0"]
[WhiteElo "1465"]
[BlackElo "1604"]
[PlyCount "81"]
[EventDate "2009.10.18"]
[EventType "team-tourn"]
[EventRounds "11"]
[EventCountry "SVK"]
[SourceTitle "EXT 2011"]
[Source "ChessBase"]
[SourceDate "2010.11.26"]
[SourceVersion "1"]
[SourceVersionDate "2010.11.26"]
[SourceQuality "1"]
[WhiteTeam "Senica"]
[BlackTeam "Cifer"]
[WhiteTeamCountry "SVK"]
[BlackTeamCountry "SVK"]

1. d4 d5 2. c4 dxc4 3. e3 c5 4. Nf3 e6 5. Nc3 Nf6 6. Bxc4 a6 7. 0-0 b5 8. Bd3 Bb7 9. a3 Nbd7 10. e4 cxd4 11. Nxd4 Ne5 12. Bc2 Bc5 13. Nb3 Bb6 14. Qe2 Nfg4 15. h3 Nf6 16. Bf4 Ng6 17. Rfd1 Qc8 18. Be3 Bxe3 19. Qxe3 Ne5 20. Bd3 Nxd3 21. Rxd3 0-0 22. Rad1 Qc7 23. Nc5 Rac8 24. Nxb7 Qxb7 25. e5 Nd5 26. Nxd5 exd5 27. Rxd5 Qc6 28. Rd6 Qa8 29. e6 fxe6 30. Qxe6+ Kh8 31. Rd7 Rf6 32. Qe7 Rg8 33. Rd8 Rf7 34. Rxa8 Rxe7 35. Rdd8 h6 36. Rxg8+ Kh7 37. Rge8 Rc7 38. Rxa6 Rc1+ 39. Kh2 Rc2 40. b4 Rxf2 41. Re5 1-0

[Event "SVK-chT3A2 0607"]
[Site "Slovakia"]
[Date "2007.03.11"]
[Round "10"]
[White "Cajka, Tibor"]
[Black "Olos, Stanislav"]
[Result "1-0"]
[WhiteElo "1784"]
[BlackElo "1550"]
[PlyCount "156"]
[EventDate "2006.10.08"]
[EventType "team-tourn"]
[EventRounds "11"]
[EventCountry "SVK"]
[SourceTitle "EXT 2008"]
[Source "ChessBase"]
[SourceDate "2007.11.25"]
[SourceVersion "1"]
[SourceVersionDate "2007.11.25"]
[SourceQuality "1"]
[WhiteTeam "Osuske II"]
[BlackTeam "Cifer"]
[WhiteTeamCountry "SVK"]
[BlackTeamCountry "SVK"]

1. e4 e5 2. Nf3 Nc6 3. Bb5 a6 4. Ba4 d6 5. 0-0 b5 6. Bb3 Na5 7. h3 Nxb3 8. axb3 Be7 9. d4 exd4 10. Nxd4 Bb7 11. Re1 Nf6 12. Bg5 Nd7 13. Bxe7 Qxe7 14. Nc3 0-0 15. Nd5 Qd8 16. Re3 Bxd5 17. exd5 Ne5 18. Rg3 Qf6 19. Qd2 Rfe8 20. Qa5 Ng6 21. Qd2 Qf4 22. Qxf4 Nxf4 23. c4 bxc4 24. bxc4 Ne2+ 25. Nxe2 Rxe2 26. b3 Rb2 27. Re3 Kf8 28. g3 g6 29. Kg2 Re8 30. Rf3 Ra8 31. g4 a5 32. Rc3 Ke7 33. g5 Kd7 34. Kg3 Rb8 35. Ra3 Ra8 36. h4 Rb1 37. Kg4 Rg1+ 38. Kh3 Rh1+ 39. Kg3 Rg1+ 40. Kh2 Rb1 41. h5 Rb2 42. Kg2 Ke7 43. hxg6 hxg6 44. Ra1 Re2 45. Rcc1 Re5 46. f4 Re3 47. Re1 Rxe1 48. Rxe1+ Kf8 49. Ra1 Ke7 50. Kf3 Rb8 51. Ra3 f6 52. gxf6+ Kxf6 53. Kg4 Rb6 54. Rxa5 Rxb3 55. Ra7 Rd3 56. Rxc7 Rd4 57. Rc6 Ke7 58. Kg5 Kd7 59. Kg4 Rd3 60. Ra6 Rd4 61. Ra4 Kc7 62. Rb4 Rd3 63. Kh4 Rd2 64. Kg3 Rd4 65. Kf3 Rd1 66. Rb2 Rc1 67. Rg2 Rxc4 68. Rxg6 Kd7 69. Kg4 Ke7 70. Rg7+ Kd8 71. Kf5 Rd4 72. Ke6 Rxf4 73. Kxd6 Rf6+ 74. Ke5 Ra6 75. d6 Ra5+ 76. Ke6 Kc8 77. d7+ Kc7 78. Rg8 Ra6+ 1-0